Sự cố nền móng công trình : Phòng tránh, sửa chữa, gia cường

שמור ב:
מידע ביבליוגרפי
מחבר ראשי: Nguyễn, Bá Kế
פורמט: Sách
שפה:Undetermined
יצא לאור: Xây dựng 2012
נושאים:
תגים: הוספת תג
אין תגיות, היה/י הראשונ/ה לתייג את הרשומה!
Thư viện lưu trữ: Trung tâm Thư viện - Trường Đại học Công nghiệp TP. Hồ Chí Minh
LEADER 00550nam a2200157Ia 4500
001 UIH_00492
008 230809s9999 xx 000 0 und d
082 |a 624.15 
100 |a Nguyễn, Bá Kế 
245 0 |a Sự cố nền móng công trình : Phòng tránh, sửa chữa, gia cường 
245 0 |c Nguyễn, Bá Kế 
260 |b Xây dựng 
260 |c 2012 
650 |a Nền móng công trình; 
927 |a Sách 
980 |a Trung tâm Thư viện - Trường Đại học Công nghiệp TP. Hồ Chí Minh